| 000 | 00550nam a2200181Ia 4500 | ||
|---|---|---|---|
| 008 | 100920s9999 xx 000 0 und d | ||
| 082 |
_b80358 _a4 न 00 |
||
| 100 | _aRAY SIBNARAYAN. | ||
| 245 | _aSANE VOICES FOR A DISORIENTED GENERATION. | ||
| 260 |
_bRENAISSANCE PUBLISHERS PVT. LTD. _c2000 |
||
| 300 |
_a159 _bसाधी |
||
| 365 | _b180 | ||
| 520 | _aई. एल.डी. | ||
| 630 | _aSANE VOICES FOR A DISORIENTED GENERATION. | ||
| 650 | _aई. एल.डी. | ||
| 730 | _aSANE VOICES FOR A DISORIENTED GENERATION. | ||
| 942 | _cBOOK | ||
| 999 |
_c721264 _d721261 |
||